|
|
|
|
| LEADER |
01429nam a2200397 i 4500 |
| 001 |
001502720 |
| 003 |
CZ BrMZK |
| 005 |
20160202063944.0 |
| 007 |
ta |
| 008 |
151221s2013 xxk c 000 f eng |
| 020 |
|
|
|a 978-0-141-34076-0
|q (brožováno)
|
| 040 |
|
|
|a BOA001
|b cze
|e rda
|
| 072 |
|
7 |
|a 821.111-3
|x Anglická próza, anglicky psaná
|2 Konspekt
|9 25
|
| 072 |
|
7 |
|a 821-93
|x Literatura pro děti a mládež (beletrie)
|2 Konspekt
|9 26
|
| 080 |
|
|
|a 821.111(415)-31
|2 MRF
|
| 080 |
|
|
|a 821-93
|2 MRF
|
| 080 |
|
|
|a (0:82-312.9)
|2 MRF
|
| 100 |
1 |
|
|a Colfer, Eoin,
|d 1965-
|7 xx0002126
|4 aut
|
| 245 |
1 |
0 |
|a Artemis Fowl and the last guardian /
|c Eoin Colfer
|
| 246 |
3 |
0 |
|a Last guardian
|
| 264 |
|
1 |
|a [London] :
|b Puffin,
|c 2013
|
| 300 |
|
|
|a 306 stran, 11 nečíslovaných stran ;
|c 20 cm
|
| 336 |
|
|
|a text
|b txt
|2 rdacontent
|
| 337 |
|
|
|a bez média
|b n
|2 rdamedia
|
| 338 |
|
|
|a svazek
|b nc
|2 rdacarrier
|
| 500 |
|
|
|a Na hřbetu označení: 8
|
| 655 |
|
7 |
|a irské romány (anglicky)
|7 fd132475
|2 czenas
|
| 655 |
|
7 |
|a fantasy romány
|7 fd184199
|2 czenas
|
| 655 |
|
7 |
|a publikace pro děti
|7 fd133156
|2 czenas
|
| 655 |
|
9 |
|a Irish fiction (English)
|2 eczenas
|
| 655 |
|
9 |
|a fantasy novels
|2 eczenas
|
| 655 |
|
9 |
|a children's literature
|2 eczenas
|
| 910 |
|
|
|a BOA001
|b 1-1357.984
|
| 990 |
|
|
|a BK
|
| 991 |
|
|
|b 201602
|c NOV
|x 99
|
| 996 |
7 |
|
|b 2610654916
|c 1-1357.984
|l Anglická knihovna/2.patro
|r ZHR
|n 8
|p kupz
|h LC-col
|w 001537827
|u 000010
|a 0
|e BOA001
|j MZK50
|s A
|